All Fleetwood Mac Songs - Statistics

General Stats
  • This quiz has been taken 537 times
  • The average score is 35 of 359
Answer Stats
Album Song % Correct
Rumours The Chain
85%
London Live '68 The Dream
82%
Rumours Go Your Own Way
75%
Fleetwood Mac Rhiannon
74%
Tusk Tusk
72%
Fleetwood Mac Landslide
63%
Rumours Don't Stop
61%
Rumours Dreams
60%
Tango in the Night Everywhere
60%
Mirage Gypsy
59%
Tango in the Night Little Lies
56%
Tusk Sara
55%
Rumours You Make Loving Fun
54%
Rumours Gold Dust Woman
51%
The Dance Silver Springs
51%
Tango in the Night Tango in the Night
48%
Rumours Second Hand News
46%
Tango in the Night Seven Wonders
46%
Rumours Songbird
45%
Say You Will Say You Will
44%
Rumours Never Going Back Again
42%
Tango in the Night Big Love
39%
Rumours Oh Daddy
39%
English Rose Albatross
35%
Fleetwood Mac Say You Love Me
35%
Fleetwood Mac Monday Morning
31%
Time I Do
30%
Mirage Hold Me
29%
English Rose Black Magic Woman
28%
Bare Trees Bare Trees
27%
Rumours I Don't Want to Know
26%
Behind the Mask Behind the Mask
24%
Future Games Future Games
24%
Tusk Sisters of the Moon
24%
Tusk Storms
24%
Greatest Hits Oh Well
23%
Fleetwood Mac Crystal
21%
Tango in the Night Family Man
21%
Heroes Are Hard to Find Heroes Are Hard to Find
21%
Fleetwood Mac Over My Head
21%
Tango in the Night Caroline
20%
Mystery to Me Hypnotized
20%
Fleetwood Mac I'm So Afraid
20%
Tango in the Night Isn't It Midnight
20%
Mirage Oh Diane
20%
Fleetwood Mac World Turning
20%
Fleetwood Mac Blue Letter
19%
Fleetwood Mac Warm Ways
18%
Tango in the Night Welcome to the Room... Sara
18%
Heroes Are Hard to Find Angel
17%
Fleetwood Mac in Chicago Madison Blues
17%
Tango in the Night Mystified
17%
Greatest Hits As Long as You Follow
16%
Tusk Beautiful Child
16%
Tusk Over & Over
16%
Tusk Not That Funny
15%
Fleetwood Mac Sugar Daddy
15%
Tusk Think About Me
15%
Tango in the Night You and I, Part II
15%
Behind the Mask Save Me
14%
Then Play On Show-Biz Blues
14%
Say You Will Bleed to Love Her
13%
Tusk Brown Eyes
13%
Mystery to Me Emerald Eyes
13%
Mirage Empire State
13%
Mirage Love in Store
13%
Say You Will Peacekeeper
13%
Mirage That's Alright
13%
Greatest Hits The Green Manalishi (With the Two Prong Crown)
13%
Tusk The Ledge
13%
Mirage Book of Love
12%
Mirage Can't Go Back
12%
Bare Trees Sentimental Lady
12%
Tusk What Makes You Think You're the One
12%
Mirage Wish You Were Here
12%
Tusk I Know I'm Not Wrong
11%
Greatest Hits Man of the World
11%
Mirage Only Over You
11%
Behind the Mask Skies the Limit
11%
Mirage Straight Back
11%
Say You Will Thrown Down
11%
Tango in the Night When I See You Again
11%
Mystery to Me Why
11%
Say You Will Come
10%
Mirage Eyes of the World
10%
Tusk Honey Hi
10%
Peter Green's Fleetwood Mac I Loved Another Woman
10%
Kiln House Jewel-Eyed Judy
10%
Tusk Never Forget
10%
The Dance Temporary One
10%
Tusk That's All for Everyone
10%
Bare Trees Dust
9%
Say You Will Murrow Turning Over in His Grave
9%
Then Play On Rattlesnake Shake
9%
Tusk Save Me a Place
9%
The Dance Sweet Girl
9%
Tusk Walk a Thin Line
9%
Mr. Wonderful Dust My Broom
8%
Live Fireflies
8%
The Original Fleetwood Mac Fleetwood Mac
8%
Say You Will Illume (9-11)
8%
Say You Will Miranda
8%
The Pious Bird of Good Omen Need Your Love So Bad
8%
Tusk Never Make Me Cry
8%
Say You Will Red Rover
8%
Future Games Sands of Time
8%
Kiln House Station Man
8%
Bare Trees Sunny Side of Heaven
8%
Say You Will What's the World Coming To?
8%
Heroes Are Hard to Find | Mr. Wonderful Coming Home
7%
Bare Trees Danny's Chant
7%
Say You Will Destiny Rules
7%
Kiln House Earl Gray
7%
Say You Will Everybody Finds Out
7%
Mystery to Me Forever
7%
Kiln House Mission Bell
7%
Greatest Hits No Questions Asked
7%
Penguin Remember Me
7%
Say You Will Running Through the Garden
7%
Peter Green's Fleetwood Mac Shake Your Moneymaker
7%
Say You Will Silver Girl
7%
Mystery to Me Somebody
7%
Bare Trees Spare Me a Little of Your Love
7%
Tusk That's Enough for Me
7%
Live The Farmer's Daughter
7%
Bare Trees The Ghost
7%
Extended Play | Then Play On Without You
7%
Behind the Mask Affairs of the Heart
6%
Mystery to Me Believe Me
6%
Heroes Are Hard to Find Bermuda Triangle
6%
Kiln House Blood on the Floor
6%
Penguin Bright Fire
6%
Bare Trees Child of Mine
6%
Peter Green's Fleetwood Mac Cold Black Night
6%
Penguin Did You Ever Love Me
6%
Penguin Dissatisfied
6%
Then Play On Fighting for Madge
6%
Mystery to Me For Your Love
6%
Behind the Mask Freedom
6%
Say You Will Goodbye Baby
6%
Peter Green's Fleetwood Mac Got to Move
6%
Bare Trees Homeward Bound
6%
Penguin (I'm a) Road Runner
6%
Behind the Mask In the Back of My Mind
6%
Mystery to Me Just Crazy Love
6%
Behind the Mask Love Is Dangerous
6%
Mystery to Me Miles Away
6%
Peter Green's Fleetwood Mac My Heart Beat Like a Hammer
6%
Penguin Night Watch
6%
25 Years - The Chain Paper Doll
6%
Penguin Revelation
6%
Say You Will Say Goodbye
6%
Say You Will Smile at You
6%
Future Games Sometimes
6%
Mr. Wonderful Stop Messin' Round
6%
Kiln House Tell Me All the Things You Do
6%
Penguin The Derelict
6%
Kiln House This Is the Rock
6%
Then Play On When You Say
6%
Future Games Woman of 1000 Years
6%
Then Play On Before the Beginning
5%
Penguin Caught in the Rain
5%
Then Play On Closing My Eyes
5%
Heroes Are Hard to Find Come a Little Bit Closer
5%
Then Play On Coming Your Way
5%
Mr. Wonderful Doctor Brown
5%
Behind the Mask Do You Know
5%
Greatest Hits Dragonfly
5%
Peter Green's Fleetwood Mac Hellhound on My Trail
5%
Kiln House Hi Ho Silver
5%
English Rose Jigsaw Puzzle Blues
5%
Mystery to Me Keep On Going
5%
Future Games Lay It All Down
5%
Mr. Wonderful Lazy Poker Blues
5%
Peter Green's Fleetwood Mac Long Grey Mare
5%
Peter Green's Fleetwood Mac Looking for Somebody
5%
Mr. Wonderfu Love That Burns
5%
Peter Green's Fleetwood Mac Merry Go Round
5%
Future Games Morning Rain
5%
Time Nights in Estoril
5%
Then Play On One Sunny Day
5%
Kiln House One Together
5%
Heroes Are Hard to Find Prove Your Love
5%
Mr. Wonderful Rollin' Man
5%
Extended Play Sad Angel
5%
Heroes Are Hard to Find Safe Harbour
5%
Then Play On Searching for Madge
5%
Future Games Show Me a Smile
5%
Heroes Are Hard to Find Silver Heels
5%
Behind the Mask Stand on the Rock
5%
Say You Will Steal Your Heart Away
5%
Mystery to Me The City
5%
Madison Blues The Purple Dancer
5%
Behind the Mask The Second Time
5%
Mystery to Me The Way I Feel
5%
Bare Trees Thoughts on a Grey Day
5%
Then Play On Underway
5%
Future Games What a Shame
5%
Behind the Mask When It Comes to Love
5%
Then Play On Although the Sun Is Shining
4%
Heroes Are Hard to Find Bad Loser
4%
Time Blow by Blow
4%
Heroes Are Hard to Find Born Enchanter
4%
Mr. Wonderful Evenin' Boogie
4%
The Very Best of Fleetwood Mac Go Insane
4%
Behind the Mask Hard Feelings
4%
Time Hollywood (Some Other Kind of Town)
4%
Fleetwood Mac in Chicago Homework
4%
Fleetwood Mac in Chicago I Can't Hold Out
4%
Mr. Wonderful If You Be My Baby
4%
Fleetwood Mac in Chicago I Held My Baby Last Night
4%
Fleetwood Mac in Chicago I'm Worried
4%
Fleetwood Mac in Chicago I Need Your Love
4%
Mr. Wonderful I've Lost My Baby
4%
Fleetwood Mac in Chicago Last Night
4%
Then Play On Like Crying
4%
Peter Green's Fleetwood Mac My Baby's Good to Me
4%
Then Play On My Dream
4%
Peter Green's Fleetwood Mac No Place to Go
4%
Live One More Night
4%
Fleetwood Mac in Chicago Ooh Baby
4%
Fleetwood Mac in Chicago Red Hot Jam
4%
Heroes Are Hard to Find She's Changing Me
4%
English Rose Something Inside of Me
4%
Fleetwood Mac in Chicago South Indiana
4%
Time Talkin' to My Heart
4%
Fleetwood Mac in Chicago Talk with You
4%
Time These Strange Times
4%
Peter Green's Fleetwood Mac The World Keep On Turning
4%
25 Years - The Chain Trinity
4%
Mr. Wonderful Trying So Hard to Forget
4%
Fleetwood Mac in Chicago | The Original Fleetwood Mac Watch Out
4%
Behind the Mask When the Sun Goes Down
4%
Time Winds of Change
4%
The Vaudeville Years World in Harmony
4%
Fleetwood Mac in Chicago World's in a Tangle
4%
Time All Over Again
3%
Fleetwood Mac in Chicago Black Jack Blues
3%
Time Dreamin' the Dream
3%
The Original Fleetwood Mac Drifting
3%
Fleetwood Mac in Chicago Everyday I Have the Blues
3%
Shrine '69 Great Balls of Fire
3%
Madison Blues Honey Hush
3%
Fleetwood Mac in Chicago Hungry Country Girl
3%
Time I Got It in for You
3%
Fleetwood Mac in Chicago I Got the Blues
3%
Time I Wonder Why
3%
Fleetwood Mac in Chicago Like It This Way
3%
The Original Fleetwood Mac Mean Old Fireman
3%
Mr. Wonderful Need Your Love Tonight
3%
Time Nothing Without You
3%
The Pious Bird of Good Omen Rambling Pony
3%
Fleetwood Mac in Chicago Rockin' Boogie
3%
Live at the BBC Sandy Mary
3%
Fleetwood Mac in Chicago Someday Soon Baby
3%
25 Years - The Chain Stand Back
3%
Fleetwood Mac in Chicago Sugar Mama
3%
Show-Biz Blues The Sun Is Shining
3%
The Original Fleetwood Mac Worried Dream
3%
The Original Fleetwood Mac A Fool No More
2%
The Original Fleetwood Mac Allow Me One More Show
2%
The Original Fleetwood Mac Can't Afford to Do It
2%
Madison Blues Crazy About You (Can't Hold Out Much Longer)
2%
Madison Blues Don't Go Please Stay
2%
Madison Blues Down at the Crown
2%
The Original Fleetwood Mac First Train Home
2%
Madison Blues Get Like You Used to Be
2%
Madison Blues Gone into the Sun
2%
Madison Blues Hey Baby
2%
The Best of Peter Green's Fleetwood Mac I'd Rather Go Blind
2%
Madison Blues It's You I Miss
2%
Madison Blues Jailhouse Rock
2%
Live at the BBC Jumping at Shadows
2%
The Original Fleetwood Mac Leaving Town Blues
2%
Shrine '69 Lemon Squeezer
2%
25 Years - The Chain Love Shines
2%
The Original Fleetwood Mac Love That Woman
2%
Extended Play Miss Fantasy
2%
Live at the Marquee, 1967 My Baby's Sweet
2%
Live at the BBC Only You
2%
Opus Collection Planets of the Universe
2%
Live at the BBC Preachin'
2%
Live at the BBC Preachin' Blues
2%
Show-Biz Blues Stranger Blues
2%
Madison Blues Tell Me You Need Me
2%
Madison Blues The King Speaks (Narrative)
2%
Show-Biz Blues Tiger
2%
Shrine '69 Tune Up
2%
Live at the BBC Baby Please Set a Date
1%
Live at the BBC Blues with a Feeling
1%
London Live '68 Buzz Me
1%
Show-Biz Blues Buzz Me Baby
1%
Live at the BBC Can't Believe You Wanna Leave
1%
The Vaudeville Years Death Bells
1%
Show-Biz Blues Don't Be Cruel
1%
The Vaudeville Years Do You Give a Damn for Me
1%
Before the Beginning: 1968-1970 Live & Demo Sessions Dust My Blues
1%
The Vaudeville Years Farewell
1%
The Vaudeville Years Fast Talking Woman Blues
1%
25 Years - The Chain Goodbye Angel
1%
Live at the BBC Hang on to a Dream
1%
Before the Beginning: 1968-1970 Live & Demo Sessions Have You Ever Loved a Woman
1%
Live at the BBC Heavenly
1%
Show-Biz Blues Him and Me
1%
London Live '68 How Blue Can You Get
1%
Before the Beginning: 1968-1970 Live & Demo Sessions If It Ain't Me
1%
Show-Biz Blues If You Want to Be Happy
1%
Show-Biz Blues I Have to Laugh
1%
Madison Blues I'm on My Way
1%
Show-Biz Blues I'm So Lonely and Blue
1%
Before the Beginning: 1968-1970 Live & Demo Sessions Instrumental
1%
Extended Play It Takes Time
1%
Live at the BBC Jenny Lee
1%
The Pious Bird of Good Omen Just the Blues
1%
Live at the BBC Linda
1%
Before the Beginning: 1968-1970 Live & Demo Sessions Long Tall Sally
1%
The Vaudeville Years Love It Seems
1%
Say You Will Love Minus Zero/No Limit
1%
25 Years - The Chain Make Me a Mask
1%
Live at the BBC Mean Mistreatin' Mama
1%
Before the Beginning: 1968-1970 Live & Demo Sessions Mean Old World
1%
The Vaudeville Years Mighty Cold
1%
Show-Biz Blues Mind of My Own
1%
The Vaudeville Years My Baby's Sweeter
1%
Shrine '69 My Sweet Baby
1%
Say You Will Not Make Believe
1%
The Vaudeville Years October Jam
1%
Show-Biz Blues Outrage
1%
The Original Fleetwood Mac Rambling Pony #2
1%
The Vaudeville Years Someone's Gonna Get Their Head Kicked in Tonight
1%
Show-Biz Blues Soul Dressing
1%
25 Years - The Chain String-A-Long
1%
Live at the BBC Sweet Home Chicago
1%
Live at the Marquee, 1967 Talk to Me Baby
1%
Live at the BBC Tallahassee Lassie
1%
The Vaudeville Years Tell Me from the Start
1%
The Vaudeville Years (That's What) I Want You to Know
1%
The Pious Bird of Good Omen The Big Boat
1%
Before the Beginning: 1968-1970 Live & Demo Sessions The Woman That I Love
1%
Show-Biz Blues Twist and Shout
1%
The Vaudeville Years (Watch Out for Yourself) Mr Jones
1%
Live at the BBC When I See My Baby
1%
Live at the BBC When Will I Be Loved
1%
Before the Beginning: 1968-1970 Live & Demo Sessions Willie and the Hand Jive
1%
Before the Beginning: 1968-1970 Live & Demo Sessions You Need Love
1%
Live at the BBC You Never Know What You're Missing
1%
Show-Biz Blues You're the One
1%
London Live '68 Bleeding Heart
0%
Kiln House Buddy's Strong
0%
Before the Beginning: 1968-1970 Live & Demo Sessions Can't Stop Lovin'
0%
London Live '68 Don't Know Which Way to Go
0%
Live at the Marquee, 1967 Evil Woman Blues
0%
Live at the Marquee, 1967 I Need You, Come on Home to Me
0%
Live at the Marquee, 1967 Mighty Long Time
0%
London Live '68 My Baby's a Good 'Un
0%
Time Sooner of Later
0%
No matching quizzes found
Score Distribution
Percent of People with Each Score
Percentile by Number Answered
Your Score History
You have not taken this quiz